000 00437nam a22001817a 4500
003 MPLRDC
005 20220104124701.0
008 210129b ||||| |||| 00| 0 eng d
020 _a7-80037-367-3
082 _a684 WH
100 _a吴泓等编著
245 _a中国名胜古迹之谜
_c
250 _a一版二刷
260 _a
_b和平出版社
_c1992
300 _b
650 _a中国名胜古迹
942 _cBK
_o684 WH
999 _c21313
_d21303